Fundamentos de computadoras digitales

Bibliographic Details
Main Author: Bartee, Thomas C
Format: Section = Libro
Language:Undetermined
Spanish
Published: México McGraw-Hill 1981
Edition:5a.ed.
Subjects:
LEADER 00498nam a2200193Ia 4500
008 240829s9999 xx 000 0 und d
020 |a 0-07-003894-5 
040 |a BIBLIOTECA-RUSB/ 621.381958 B283 
041 |a spa 
082 |a 621.381958 B283 
100 1 |a Bartee, Thomas C 
245 1 0 |a Fundamentos de computadoras digitales 
250 |a 5a.ed. 
260 |a México  |b McGraw-Hill  |c 1981 
300 |a 688 p. :il. 
650 7 |a COMPUTADORAS DIGITALES 
942 |c BK  |2 ddc 
991 |a TEXTO 
999 |c 3468